Score 0/15 Timer 06:00
0 Plays Today
Question Answer Wrong Answers
Commonly thought to be 'The disciple whom Jesus loved', and the name of the fourth Gospel of the New Testament. Kennedy
95.3%
Nixon
4.3%
One of the twelve apostles, known for doubting Jesus' resurrection. Jefferson
91.2%
Washington
3.7%
One of the Jewish patriarchs, who was commanded by God to sacrifice his son. Lincoln
89%
Taylor
10.9%
A book of the New Testament, and the name of two of the twelve apostles. Garfield
82.9%
Harding
14%
The fifth son of Jacob and the first son of Bilhah. Quayle
82.5%
Gore
11.6%
One of the twelve apostles, a fisherman by trade. Johnson
80.5%
Pierce
17.2%
The third son of Jacob and Leah, the grandfather of Aaron and Moses. Morton
79.3%
Roosevelt
15.2%
The mother of Jesus. Lincoln
79.1%
Johnson
19.8%
The last-born of Jacob's thirteen children; the second son of Rachel. Harrison
74.2%
McKinley
18.7%
An archangel who leads God's armies against Satan's forces. Pence
73.2%
Biden
19.4%
The sister of Lazarus and Mary of Bethany. Washington
72.2%
Madison
20.5%
The mother of John the Baptist. Ford
57.3%
Johnson
38.9%
The wife of Abraham and the mother of Isaac. Polk
51.8%
Tyler
42.2%
The wife of Nabal, who later married King David. Fillmore
48.3%
Taylor
44.9%
An elderly prophetess, the daughter of Phanuel, who prophesied about Jesus at the Temple in Jerusalem. Harrison
47.7%
Tyler
44.8%
Remove Ads.
Support Sporcle.
Get the best of Sporcle when you Go Orange. This ad-free experience offers more features, more stats, and more fun while also helping to support Sporcle. Thank you for becoming a member.

You're not logged in!

Compare scores with friends on all Sporcle quizzes.
OR
Log In

Show Comments

Extras

Top Quizzes Today


Score Distribution

Your Account Isn't Verified!

In order to create a playlist on Sporcle, you need to verify the email address you used during registration. Go to your Sporcle Settings to finish the process.

Report this User

Report this user for behavior that violates our Community Guidelines.

Details: